|
|
|
|
| LEADER |
00964nam a22002652a 4500 |
| 001 |
001439034 |
| 003 |
CZ BrMZK |
| 005 |
20141124134751.0 |
| 007 |
ta |
| 008 |
141124s1958 xr a er|||||||||||cze d |
| 015 |
|
|
|a cnb000448545
|
| 035 |
|
|
|a (OCoLC)85196279
|
| 040 |
|
|
|a ABA001
|b cze
|c KLG001
|d ABA001
|d BOA001
|
| 100 |
1 |
|
|a Vyšín, Jan,
|d 1908-1983
|7 jz8001437
|4 aut
|
| 245 |
1 |
0 |
|a Geometrie pro 6. ročník /
|c zpracoval Jan Vyšín ; historiské poznámky zpracovali František Balada a Karel Koutský
|
| 250 |
|
|
|a 5. vyd.
|
| 260 |
|
|
|a Praha :
|b Státní pedagogické nakladatelství,
|c 1958
|
| 300 |
|
|
|a 82, [2] s. :
|b il. ;
|c 8°
|
| 490 |
1 |
|
|a Učebnice pro všeobecně vzdělávací školy
|
| 500 |
|
|
|a Obsahuje rejstřík
|
| 830 |
|
0 |
|a Učebnice pro všeobecně vzdělávací školy
|0 s
|
| 910 |
|
|
|a BOA001
|b 2-0344.889-58
|
| 990 |
|
|
|a BK
|
| 991 |
|
|
|b 201411
|
| 996 |
6 |
|
|b 2618980227
|c 2-0344.889-58
|l MZK
|r Sklad / do 24 hodin
|n 0
|w 001474062
|u 000010
|a 1
|e BOA001
|j MZK50
|s P
|